| 000 | 01001cab a22001935a 4500 | ||
|---|---|---|---|
| 001 | L152994 | ||
| 008 | 110523e20110520xxk 000 0 eng d | ||
| 035 | _a(Sirsi) u152994 | ||
| 041 | 0 | _aeng | |
| 100 | 1 | _aHopkinson, Matthew | |
| 245 | 0 | 0 | _aGamblers and gourmets are transforming high street |
| 260 | _c2011 | ||
| 490 | 0 |
_aProperty Week _v77(20) 20 May 2011, 36(1) |
|
| 520 | _aMaps the changing high street retail landscape as many specialist retailers relocate from secondary to primary pitches as landlords struggle with high vacancy rates. There has been a prolific growth in betting outlets, convenience stores, specialst food shops, pawnbrokers, pound stores and charity shops. Tables cover bookies by region and top 10 towns, top gambling fascias by number of shops, growth of gourmet food shops and top towns for growth March 2010-2011. | ||
| 590 | _aKA | ||
| 651 | 4 |
_aUnited Kingdom _y |
|
| 690 | _aPROPERTY-COMMERCIAL PROPERTY-COMMERCIAL PROPERTY FINANCE AND INVESTMENT | ||
| 942 | _n0 | ||
| 999 |
_c83155 _d83155 |
||